Score 0/30 Timer 03:00
0 Plays Today
Hint 4-Letter Word % Correct
• Top ____ • (head cook)CHEF
99.2%
• The ____ Thing I Ever Ate • (most excellent)BEST
94.5%
ApplaudCLAP
93.9%
Sculpting material for childrenCLAY
91%
• Cupcake ____ • (armed conflicts)WARS
90.3%
• Cake ____ • (work supervisor)BOSS
89%
Cut with sharp blows (almost a food show)CHOP
88.5%
Paper or plastic grocery containersBAGS
88.1%
Moves a tail back and forthWAGS
87.6%
Unwanted rodentsRATS
87.1%
FellowCHAP
86.7%
Porgy and ____ - American operaBESS
85.3%
• Good ____ • (ingests)EATS
85.2%
• Throwdown! with Bobby ____ • (peel the skin off)FLAY
84.9%
• The Great Food Truck ____ • (speed contest)RACE
84.8%
Hint 4-Letter Word % Correct
• Come ____ With Me • (formally eat)DINE
84.4%
Biological sound receiversEARS
83.8%
Cut food into small cubesDICE
83.4%
Gala in OktoberFEST
83%
• America's ____ Kitchen • (exam)TEST
82.5%
Fixed price paidRATE
81.4%
• The ____ • (masticate)CHEW
81.2%
MiresBOGS
79.7%
• The _____ Food Network Star • (nearest)NEXT
79.4%
FoodCHOW
78.6%
Act of courage, strength or skillFEAT
76.9%
Egg holderNEST
76.5%
Bump-freeFLAT
76.5%
Force cooked potatoes through a sieveRICE
76.4%
Phone wordsTEXT
74.4%

Today's Daily Dose

Remove Ads.
Support Sporcle.
Get the best of Sporcle when you Go Orange. This ad-free experience offers more features, more stats, and more fun while also helping to support Sporcle. Thank you for becoming a member.

You're not logged in!

Compare scores with friends on all Sporcle quizzes.
OR
Log In

Show Comments

Extras

Top Quizzes Today


Score Distribution

Your Account Isn't Verified!

In order to create a playlist on Sporcle, you need to verify the email address you used during registration. Go to your Sporcle Settings to finish the process.

Report this User

Report this user for behavior that violates our Community Guidelines.

Details: